00318nam a2200133Ia 4500008004100000100001700041245002200058250001200080260005100092300000800143650001100151942000700162999001500169190216s9999||||xx |||||||||||||| ||und|| aMaheshwari.P 0aBotany Section 2 a1st Ed. bNational Council Of Educational Researchc1965 a100 aBotany cBK c1087d1087